=LDR 00000nam 2200000 4500 =001 NUTBA000000000004047 =005 20140902102517.0 =006 =007 =008 =035 ##$$a 0010-091400000000080 =082 ##$$a330.8 =100 ##$$a gunawan sumodiningrat =245 ##$$aEKONOMETRIKA PENGANTAR =260 ##$$a YOGYAKARTA $b FAKULTAS EKONOMI UGM $c 1994 =850 ##$$aNBPNMAT